[Event "Oberliga Nord W 1516"]
[Site "Germany"]
[Date "2016.03.13"]
[Round "8.5"]
[White "Hammann, Jonas"]
[Black "Happe, Reinhold"]
[Result "1-0"]
[WhiteElo "1981"]
[BlackElo "2147"]
[PlyCount "93"]
[EventDate "2015.09.20"]
[EventType "team-tourn"]
[EventRounds "9"]
[EventCountry "GER"]
[SourceTitle "EXT 2017"]
[Source "ChessBase"]
[SourceDate "2016.10.25"]
[SourceVersion "1"]
[SourceVersionDate "2016.10.25"]
[SourceQuality "1"]
[WhiteTeam "Stade"]
[BlackTeam "Hellern"]
[WhiteTeamCountry "GER"]
[BlackTeamCountry "GER"]

1. d4 d5 2. c4 e6 3. Nc3 c6 4. Nf3 dxc4 5. a4 Bb4 6. e3 b5 7. Bd2 a5 8. axb5 Bxc3 9. Bxc3 cxb5 10. b3 Bb7 11. bxc4 b4 12. Bb2 Nf6 13. Bd3 Nbd7 14. 0-0 0-0 15. Nd2 Nc5 16. Bc2 Nce4 17. Nxe4 Bxe4 18. Bxe4 Nxe4 19. Qc2 f5 20. Rfd1 Qc7 21. c5 Qc6 22. f3 Nf6 23. Ra4 Nd5 24. Qb3 Nxe3 25. Rda1 Nd5 26. Rxa5 Rxa5 27. Rxa5 Ra8 28. Qa2 Rxa5 29. Qxa5 Kf7 30. h4 Ke7 31. Bc1 h6 32. Kf2 Qb7 33. Bb2 Nf4 34. Kg1 Nd3 35. d5 Qxd5 36. Qc7+ Qd7 37. Qg3 g5 38. hxg5 Nxb2 39. gxh6 Qd4+ 40. Kh2 f4 41. Qg5+ Qf6 42. Qh5 Nd3 43. h7 Qh8 44. Qg5+ Kf7 45. Qg8+ Qxg8 46. hxg8Q+ Kxg8 47. c6 1-0

[Event "Vlissingen HZ op 19th"]
[Site "Vlissingen"]
[Date "2015.08.04"]
[Round "5"]
[White "Sturm, Pieter"]
[Black "Hammann, Jonas"]
[Result "0-1"]
[WhiteElo "2077"]
[BlackElo "1845"]
[PlyCount "82"]
[EventDate "2015.08.01"]
[EventType "swiss"]
[EventRounds "9"]
[EventCountry "NED"]
[SourceTitle "CBM 167 Extra"]
[Source "ChessBase"]
[SourceDate "2015.09.14"]
[SourceVersion "1"]
[SourceVersionDate "2015.09.14"]
[SourceQuality "1"]

1. Nc3 d5 2. e4 e6 3. f4 Nf6 4. e5 Nfd7 5. Nf3 c5 6. d3 Nc6 7. g3 Be7 8. Bg2 0-0 9. 0-0 Rb8 10. Bd2 b5 11. b3 f6 12. exf6 Bxf6 13. Qe2 Re8 14. Rae1 Nd4 15. Nxd4 Bxd4+ 16. Kh1 Nf6 17. Qf3 c4 18. Ne2 Bc5 19. g4 d4 20. g5 Bb7 21. Qh3 Bxg2+ 22. Qxg2 Nd5 23. Qe4 c3 24. Bc1 Nb4 25. Ba3 Nxd3 26. Qxd3 Bxa3 27. Nxd4 Qd5+ 28. Qe4 Rbd8 29. Nf3 Bc5 30. Qxd5 Rxd5 31. Re2 Rf8 32. Ne1 Bd6 33. Nd3 e5 34. f5 e4 35. Rxe4 Rdxf5 36. Rxf5 Rxf5 37. h4 Rf1+ 38. Kg2 Rd1 39. Kf3 Ba3 40. h5 Rxd3+ 41. cxd3 c2 0-1

[Event "GER-chT U16"]
[Site "Magdeburg"]
[Date "2014.12.30"]
[Round "7.1"]
[White "Sabirov, Ramil"]
[Black "Hammann, Jonas"]
[Result "1/2-1/2"]
[WhiteElo "1981"]
[BlackElo "1932"]
[PlyCount "65"]
[EventDate "2014.12.27"]
[EventType "team-swiss"]
[EventRounds "7"]
[EventCountry "GER"]
[SourceTitle "EXT 2016"]
[Source "ChessBase"]
[SourceDate "2015.10.08"]
[SourceVersion "1"]
[SourceVersionDate "2015.10.08"]
[SourceQuality "1"]
[WhiteTeam "Porz SG"]
[BlackTeam "Stade"]
[WhiteTeamCountry "GER"]
[BlackTeamCountry "GER"]

1. Nf3 d5 2. c4 c6 3. e3 Nf6 4. Nc3 Nbd7 5. Qc2 e6 6. b3 Bd6 7. Bb2 Qe7 8. Be2 a6 9. d4 dxc4 10. Bxc4 b5 11. Be2 c5 12. 0-0 Bb7 13. dxc5 Nxc5 14. Nd4 Rc8 15. Qd1 0-0 16. Bf3 b4 17. Nb1 Nce4 18. Nd2 Nxd2 19. Qxd2 Bxf3 20. Nxf3 Ne4 21. Qe2 a5 22. Nd4 Rc5 23. f4 Rfc8 24. Qg4 Nc3 25. Kh1 f5 26. Qf3 Ne4 27. Rfc1 Rxc1+ 28. Rxc1 Rxc1+ 29. Bxc1 Bc5 30. Bb2 Bxd4 31. exd4 Qc7 32. Qh5 g6 33. Qh4 1/2-1/2

[Event "GER-chT U16"]
[Site "Magdeburg"]
[Date "2014.12.27"]
[Round "2.1"]
[White "Hammann, Jonas"]
[Black "Engert, Marvin"]
[Result "1-0"]
[WhiteElo "1932"]
[BlackElo "1900"]
[PlyCount "103"]
[EventDate "2014.12.27"]
[EventType "team-swiss"]
[EventRounds "7"]
[EventCountry "GER"]
[SourceTitle "EXT 2016"]
[Source "ChessBase"]
[SourceDate "2015.10.08"]
[SourceVersion "1"]
[SourceVersionDate "2015.10.08"]
[SourceQuality "1"]
[WhiteTeam "Stade"]
[BlackTeam "Leipzig Turm"]
[WhiteTeamCountry "GER"]
[BlackTeamCountry "GER"]

1. d4 Nf6 2. c4 e5 3. dxe5 Ng4 4. Nf3 Bc5 5. e3 Nc6 6. Be2 Ngxe5 7. 0-0 0-0 8. Nc3 Nxf3+ 9. Bxf3 Ne5 10. Be2 d6 11. b3 Bf5 12. Bb2 Qh4 13. Nd5 c6 14. Nf4 Ng4 15. Bxg4 Qxg4 16. Qd2 Rad8 17. Qc3 f6 18. Rad1 Rfe8 19. Rd2 Bb6 20. Rfd1 Be4 21. h3 Qg5 22. Rxd6 Rxd6 23. Rxd6 Bc7 24. c5 b6 25. Qc4+ Kf8 26. Rd7 Bd5 27. Nxd5 cxd5 28. Qxd5 Qxd5 29. Rxd5 Ke7 30. Kf1 Ke6 31. e4 g6 32. f3 f5 33. Ke2 fxe4 34. fxe4 Rf8 35. Bc1 bxc5 36. Rxc5 Bb6 37. Rc6+ Ke5 38. Be3 Bxe3 39. Kxe3 Rf7 40. Rc5+ Kd6 41. Ra5 Rc7 42. Kd4 Ke6 43. Ra6+ Kd7 44. Kd5 Ke7 45. Re6+ Kd7 46. Ra6 Ke7 47. e5 Rd7+ 48. Rd6 Rc7 49. e6 h5 50. Rd7+ Rxd7+ 51. exd7 Kxd7 52. b4 1-0

[Event "GER-chT North U16"]
[Site "Greifswald"]
[Date "2013.09.15"]
[Round "7.2"]
[White "Hammann, Jonas"]
[Black "Hoffmann, Dustin"]
[Result "1-0"]
[WhiteElo "1859"]
[BlackElo "1754"]
[PlyCount "79"]
[EventDate "2013.09.12"]
[EventType "team-swiss"]
[EventRounds "7"]
[EventCountry "GER"]
[SourceTitle "EXT 2014"]
[Source "ChessBase"]
[SourceDate "2013.11.20"]
[SourceVersion "1"]
[SourceVersionDate "2013.11.20"]
[SourceQuality "1"]
[WhiteTeam "Stade"]
[BlackTeam "Merseburg"]
[WhiteTeamCountry "GER"]
[BlackTeamCountry "GER"]

1. d4 Nf6 2. c4 g6 3. Nc3 Bg7 4. e4 d6 5. Be2 Nbd7 6. Bg5 0-0 7. g4 e5 8. d5 h6 9. Be3 Nc5 10. f3 Ne8 11. h4 f5 12. h5 f4 13. Bf2 g5 14. b4 Nd7 15. Bd3 b6 16. Nge2 Bb7 17. Na4 Rf6 18. 0-0 Bf8 19. Qb3 Kh8 20. Rab1 Rb8 21. Qc3 Rc8 22. c5 c6 23. dxc6 Bxc6 24. b5 Ba8 25. c6 Nc5 26. Nxc5 dxc5 27. Rfd1 Qc7 28. Bc4 Rd6 29. Rd2 Rxd2 30. Qxd2 Rd8 31. Qc2 a6 32. a4 Qd6 33. Bd5 Nc7 34. Nc3 a5 35. Rd1 Qe7 36. Bc4 Rd6 37. Nd5 Qd8 38. Rd3 Ne8 39. Be1 Kg7 40. Bc3 1-0

[Event "GER-chT North U16"]
[Site "Greifswald"]
[Date "2013.09.14"]
[Round "6.2"]
[White "Finke, Maurice"]
[Black "Hammann, Jonas"]
[Result "1/2-1/2"]
[WhiteElo "1912"]
[BlackElo "1859"]
[PlyCount "118"]
[EventDate "2013.09.12"]
[EventType "team-swiss"]
[EventRounds "7"]
[EventCountry "GER"]
[SourceTitle "EXT 2014"]
[Source "ChessBase"]
[SourceDate "2013.11.20"]
[SourceVersion "1"]
[SourceVersionDate "2013.11.20"]
[SourceQuality "1"]
[WhiteTeam "Wildeshausen"]
[BlackTeam "Stade"]
[WhiteTeamCountry "GER"]
[BlackTeamCountry "GER"]

1. d4 d5 2. c4 e6 3. Nc3 c5 4. Nf3 Nc6 5. e3 Nf6 6. cxd5 exd5 7. Be2 Be7 8. 0-0 0-0 9. b3 Ne4 10. Bb2 Bf6 11. Na4 Bg4 12. dxc5 Bxb2 13. Nxb2 Nc3 14. Qd2 Nxe2+ 15. Qxe2 Ne5 16. Nd3 Nxf3+ 17. gxf3 Bh3 18. Kh1 Bxf1 19. Rxf1 b6 20. b4 a5 21. c6 b5 22. Ne5 Qc7 23. Nd7 Rfc8 24. Qxb5 Qxc6 25. Qxc6 Rxc6 26. b5 Rd6 27. Nc5 a4 28. Rb1 Rb6 29. Rb4 Ra5 30. Nxa4 Rbxb5 31. Rd4 h6 32. e4 dxe4 33. fxe4 Rg5 34. Nc3 Rac5 35. Rd3 Rc6 36. Re3 Rb6 37. Rg3 Rxg3 38. hxg3 Rc6 39. Nd5 Rc2 40. Kg2 Rxa2 41. g4 f6 42. Kg3 Kf7 43. f3 Ra8 44. Kf4 Rh8 45. e5 fxe5+ 46. Kxe5 g6 47. Nf4 h5 48. gxh5 gxh5 49. Kf5 Rh6 50. Kg5 Rf6 51. Nxh5 Rxf3 52. Nf4 Ra3 53. Kf5 Ra5+ 54. Ke4 Kf6 55. Nd3 Ke6 56. Kd4 Ra4+ 57. Kc5 Ra3 58. Kd4 Kd6 59. Ke4 Ra4+ 1/2-1/2

[Event "GER-chT North U16"]
[Site "Greifswald"]
[Date "2013.09.13"]
[Round "3.2"]
[White "Cech, Tim"]
[Black "Hammann, Jonas"]
[Result "1-0"]
[WhiteElo "1803"]
[BlackElo "1859"]
[PlyCount "77"]
[EventDate "2013.09.12"]
[EventType "team-swiss"]
[EventRounds "7"]
[EventCountry "GER"]
[SourceTitle "EXT 2014"]
[Source "ChessBase"]
[SourceDate "2013.11.20"]
[SourceVersion "1"]
[SourceVersionDate "2013.11.20"]
[SourceQuality "1"]
[WhiteTeam "Potsdam"]
[BlackTeam "Stade"]
[WhiteTeamCountry "GER"]
[BlackTeamCountry "GER"]

1. d4 d5 2. Nf3 e6 3. Nbd2 Nf6 4. b3 c5 5. e3 Nc6 6. Bb2 Bd7 7. a3 Rc8 8. Bd3 cxd4 9. exd4 Bd6 10. 0-0 0-0 11. Ne5 Qb6 12. Ndf3 Na5 13. Qe2 a6 14. Rab1 Rc7 15. b4 Nc4 16. Nxc4 dxc4 17. Bxc4 Rfc8 18. Bd3 Nd5 19. g3 Bb5 20. Rbc1 Nc3 21. Qd2 Qc6 22. Ne1 Qd5 23. Bxb5 Qxb5 24. Nd3 a5 25. Bxc3 Rxc3 26. a4 Qc4 27. bxa5 Qxd4 28. Rfd1 Be7 29. Nb2 Qxd2 30. Rxd2 Ba3 31. Rcd1 Rxc2 32. Rxc2 Rxc2 33. Rd8+ Bf8 34. Nd3 Rd2 35. Kf1 g6 36. Ke1 Ra2 37. Nc5 Kg7 38. Nxb7 Rxa4 39. Rd7 1-0

[Event "GER-chT North U16"]
[Site "Greifswald"]
[Date "2013.09.13"]
[Round "4.2"]
[White "Hammann, Jonas"]
[Black "Pfreundt, Jakob"]
[Result "0-1"]
[WhiteElo "1859"]
[BlackElo "1903"]
[PlyCount "140"]
[EventDate "2013.09.12"]
[EventType "team-swiss"]
[EventRounds "7"]
[EventCountry "GER"]
[SourceTitle "EXT 2014"]
[Source "ChessBase"]
[SourceDate "2013.11.20"]
[SourceVersion "1"]
[SourceVersionDate "2013.11.20"]
[SourceQuality "1"]
[WhiteTeam "Stade"]
[BlackTeam "Hamburg Koenigsspringer"]
[WhiteTeamCountry "GER"]
[BlackTeamCountry "GER"]

1. d4 Nf6 2. c4 e6 3. Nf3 b6 4. Nc3 Bb7 5. Bg5 Bb4 6. e3 0-0 7. Bd3 d6 8. Qc2 h6 9. Bh4 Nbd7 10. 0-0 Bxc3 11. Qxc3 Re8 12. Rfe1 e5 13. Nd2 Qe7 14. f3 Qf8 15. Qc2 exd4 16. exd4 Rxe1+ 17. Rxe1 Re8 18. Be4 c6 19. a3 Re6 20. Qd1 Qe8 21. Kf1 d5 22. cxd5 Ba6+ 23. Kf2 Nxd5 24. Bxd5 cxd5 25. Nb1 f5 26. Bg3 g5 27. Bc7 Kf7 28. Nc3 Rxe1 29. Qxe1 Qxe1+ 30. Kxe1 Ke6 31. Kd2 Bc4 32. g3 h5 33. Bd8 g4 34. fxg4 fxg4 35. Ke3 Kf5 36. Be7 Nb8 37. Bd6 Nc6 38. b4 b5 39. Bc7 a6 40. Nd1 Ne7 41. Nc3 Ng6 42. Bd8 Nf8 43. Nd1 Ng6 44. Nc3 Nh8 45. Nd1 Nf7 46. Be7 Ke6 47. Bh4 Nd6 48. Nc3 Nf5+ 49. Kf4 Nxd4 50. Kg5 Nf3+ 51. Kxh5 Nxh2 52. Kg5 d4 53. Ne4 Ke5 54. Nf2 d3 55. Kh5 Kd4 56. Bg5 Kc3 57. Bc1 Kc2 58. Bf4 d2 59. Bxd2 Kxd2 60. Ne4+ Ke3 61. Nc5 Kf3 62. Kh4 Nf1 63. Nd7 Be2 64. Ne5+ Ke4 65. Nc6 Ne3 66. Nb8 Nf5+ 67. Kg5 Nxg3 68. Nxa6 Nh1 69. Nc5+ Ke3 70. a4 g3 0-1